|
|
|
|
| LEADER |
00000naa2a2200000 4500 |
| 001 |
424551 |
| 005 |
20240215100253.0 |
| 035 |
|
|
|a (RuTPU)RU\TPU\prd\82946
|
| 090 |
|
|
|a 424551
|
| 100 |
|
|
|a 20100527a2005 k y0rusy50 ca
|
| 101 |
0 |
|
|a rus
|
| 102 |
|
|
|a RU
|
| 200 |
1 |
|
|a Монохроматичность оптического излучения Смита-Парселла, генерируемого пучком электронов с энергией 75 кэВ
|f Ю. Н. Адищев [и др.]
|
| 320 |
|
|
|a Библиогр.: с. 195
|
| 330 |
|
|
|a Исследовалась монохроматичность оптического излучения Смита-Парселла (ИСП), которое генерировалось пучком электронов с энергией 75 кэВ и конечным эмиттансом ε=0.65·10{-4} мм·рад, пролетающим над оптической решеткой с периодом D=0.833 μм. Показано, что монохроматичность (ширина линии) ИСП определяется не только угловой апертурой монохроматора, но и расходимостью электронного пучка. Полученные результаты дают возможность использовать их для создания нового типа лазеров на свободных электронах на основе ИСП.
|
| 461 |
|
0 |
|0 (RuTPU)RU\TPU\prd\1483
|t Письма в Журнал экспериментальной и теоретической физики
|o научно-теоретический журнал
|f Российская академия наук
|d 1970-
|
| 463 |
|
0 |
|0 (RuTPU)RU\TPU\prd\81235
|t Т. 82, вып. 4
|v С. 192-195
|d 2005
|
| 610 |
1 |
|
|a труды учёных ТПУ
|
| 701 |
|
1 |
|a Адищев
|b Ю. Н.
|c физик
|c профессор Томского политехнического университета, доктор физико-математических наук
|f 1946-
|g Юрий Николаевич
|3 (RuTPU)RU\TPU\pers\27727
|
| 701 |
|
1 |
|a Вуколов
|b А. В.
|c физик
|c научный сотрудник Томского политехнического университета, кандидат физико-математических наук
|f 1978-
|g Артем Владимирович
|3 (RuTPU)RU\TPU\pers\27815
|9 12853
|
| 701 |
|
1 |
|a Карловец
|b Д. В.
|c физик
|c научный сотрудник Томского политехнического университета, кандидат физико-математических наук
|f 1983-
|g Дмитрий Валерьевич
|3 (RuTPU)RU\TPU\pers\25889
|4 070
|
| 701 |
|
1 |
|a Потылицын
|b А. П.
|c российский физик
|c профессор Томского политехнического университета
|f 1945-
|g Александр Петрович
|3 (RuTPU)RU\TPU\pers\15853
|4 070
|9 5531
|
| 701 |
|
1 |
|a Кубе
|b Г.
|4 070
|
| 801 |
|
1 |
|a RU
|b 63413507
|c 20100527
|
| 801 |
|
2 |
|a RU
|b 63413507
|c 20130902
|g RCR
|
| 942 |
|
|
|c BK
|